Переписка с министерством финансов о расследовании по делу присвоения серебра казначеем Каменогорского банка, список служащих ми...

Доступно только в Электронных читальных залах Найти на картеНа карте
RUSMARC
00003937nac2a22002533x 450
0018d1ad6ba-e6af-488e-a659-503a139a1ed4
00520190122002520.0
100##$a20181229l 1919k y0rusy50 ca
1010#$arus
102##$aRU
105##$ay z |||e|
2001#$aПереписка с министерством финансов о расследовании по делу присвоения серебра казначеем Каменогорского банка, список служащих министерства финансов
$j02 ноября 1918 - 29 августа 1919
215##$a58 листов
251##$cДело
300##$aВ деле имеются телеграммы
300##$aЧасть текста машинописная и рукописная, часть - напечатана типографским способом
324##$aВ деле имеются копии отдельных документов
461#0$10010f0e3429-2e37-4fb4-ace0-6332d350a692
$12001
$aМинистерство внутренних дел Российского правительства. Омск
$1251
$cФонд
$1852
$j1700
$gР
462#0$1001c9fb14fb-9a60-4dc0-bd7d-6b3b0819c0c0
$12001
$aДела канцелярии министра. 1918-1919 гг.
$vД. 22
$1251
$cОпись
$1852
$j1
60102$3RU\NLR\AUTH\8810247804
$aВременное Сибирское правительство
$bМинистерство внутренних дел
60102$3RU\NLR\AUTH\889927611
$aВременное Сибирское правительство
$bМ-во финансов
801#0$aRU
$bGA_RF
801#1$aRU
$bГлавНИВЦ
$c20181229
$2rusmarc
801#2$aRU
$bПБ им. Б.Н. Ельцина
$c20190122
$gRCR
$2rusmarc
852##$aГА РФ
$j22
937##$d123558212
$hПБ
035##$aRuPRLIB51054411
856##$uhttp://readingroom.main.prlib.ru/item.aspx?id_node=n123558212&mode=full
Формат отображения